| 000 | 00419nam a22001817a 4500 | ||
|---|---|---|---|
| 003 | NUST - PNEC | ||
| 005 | 20170116181154.0 | ||
| 008 | 160111b xxu||||| |||| 00| 0 eng d | ||
| 020 | _a- | ||
| 040 | _cLIBRARY | ||
| 082 | _a796.33 HIL | ||
| 100 |
_915790 _aHill Jimmy |
||
| 245 |
_aImprove your soccer _cJimmy Hill |
||
| 260 | _c- | ||
| 300 | _a144 p. | ||
| 650 |
_915789 _aSports _xGeneral |
||
| 942 |
_2ddc _cBK |
||
| 999 |
_c71135 _d71135 |
||